000 01209nam a2200289 c 4500
003 BLK
005 20180422115615.0
008 180411b bul|||||r ||||||| ||bul||
010 _aKNG00197662000
040 _aBLK
041 _aBUL
_cBUL
080 _aАвстрийска литература
_b821.112(436)
_x-31
_z821.112(436)-31
100 1 _aЦвайг, Стефан
_eпърви автор
_9366443
700 1 _aМатушева-Попова, Елена
_eпрев. от нем.
_994329
700 1 _aКонстантинов, Венцеслав Константинов
_eс предг. от
_9374149
139 _aЦвайг, Стефан
_bЦ 29
245 1 0 _aВ омаята на преображението
_bРоман
_cСтефан Цвайг; прев. от нем. Елена Матушева-Попова; с предг. от Венцеслав Константинов Константинов.
257 _aAUT
260 Пловдив
_bХристо Г. Данов
_c1987
300 _a199 с.
_c20 см
380 _aX
852 _aЦб 150206
856 4 _qpdf
_u
856 4 _qpdf
_u
942 _cKNG
_n0
944 _aCR
_c08.12.2016
_kПравда_Бадева
944 _aED
_c08.12.2016
_kПравда_Бадева
999 _c188643
_d188643